5HLuxD.jpg

KING HENRY VIII SENIOR AND PRIMARY SCHOOL LIBRARY OPAC

BIG BOOK OF COUNTING ,Ekaterina Ladatko (Record no. 5018)

000 -LEADER
fixed length control field 00655nam a22002177a 4500
005 - DATE AND TIME OF LATEST TRANSACTION
control field 20251007171851.0
008 - FIXED-LENGTH DATA ELEMENTS--GENERAL INFORMATION
fixed length control field 250513b ||||| |||| 00| 0 eng d
020 ## - INTERNATIONAL STANDARD BOOK NUMBER
International Standard Book Number 9781951100261
040 ## - CATALOGING SOURCE
Transcribing agency KH8
082 ## - DEWEY DECIMAL CLASSIFICATION NUMBER
Classification number 513.211 LAD
100 ## - MAIN ENTRY--PERSONAL NAME
Personal name LADATKO EKATERINA
Relator term AUTHOR,ILLUSTRATOR
245 ## - TITLE STATEMENT
Title BIG BOOK OF COUNTING ,Ekaterina Ladatko
260 ## - PUBLICATION, DISTRIBUTION, ETC.
Place of publication, distribution, etc. NEW YORK
Name of publisher, distributor, etc. CLEVER PUBLISHING
Date of publication, distribution, etc. 2021
300 ## - PHYSICAL DESCRIPTION
Extent 24 Pages
Other physical details Colour Illustration
Dimensions 11cm x 9cm
650 ## - SUBJECT ADDED ENTRY--TOPICAL TERM
Source of heading or term Counting (Children)
Topical term or geographic name entry element Juvenile non‑fiction
650 ## - SUBJECT ADDED ENTRY--TOPICAL TERM
Source of heading or term Numbers
Topical term or geographic name entry element Juvenile non‑fiction
655 ## - INDEX TERM--GENRE/FORM
Genre/form data or focus term Picture Book
655 ## - INDEX TERM--GENRE/FORM
Genre/form data or focus term Board Book
655 ## - INDEX TERM--GENRE/FORM
Genre/form data or focus term Juvenile Fiction
942 ## - ADDED ENTRY ELEMENTS (KOHA)
Source of classification or shelving scheme
Koha item type Books - Non Ficton
Holdings
Withdrawn status Lost status Source of classification or shelving scheme Damaged status Not for loan Collection code Permanent Location Current Location Shelving location Date acquired Total Checkouts Full call number Barcode Date last seen Date last checked out Price effective from Koha item type Public note
          Fiction KH8 Primary School Library KH8 Primary School Library Fiction 2025-05-13 4 513.211 LAD KHPL000006980 2026-01-30 2026-01-23 2025-05-13 Books - Fiction KH8 PRIMARY LIBRARY

Powered By KH8 IT Dept